000 00332nam a2200145Ia 4500
008 191201s2008 xx 000 0 und d
082 _a658.3
_bGUT
100 _aGUPTA, S C
245 0 _aText Book of International HRM
250 _a1st
260 _aN.Delhi
_bMacmillan
_c2008
300 _a246
650 _aMBA
942 _2ddc
_cBK
999 _c3078
_d3078